Sports Quiz

Random Sports Quiz

Euro 1980: West Germany line-ups and subs Quiz Stats

 Plays Quiz not verified by Sporcle

Score 0/50 Timer 06:00
0 Plays Today
Match Player % Correct
Group 1, 1-0 v CzechoslovakiaKarl-Heinz Rummenigge
97.9%
Group 1, 3-2 v NetherlandsKarl-Heinz Rummenigge
97.9%
Group 1, 0-0 v GreeceKarl-Heinz Rummenigge
97.9%
Final, 2-1 v BelgiumKarl-Heinz Rummenigge
97.9%
Group 1, 1-0 v CzechoslovakiaHarald Schumacher
97.3%
Group 1, 3-2 v NetherlandsHarald Schumacher
97.3%
Group 1, 0-0 v GreeceHarald Schumacher
97.3%
Final, 2-1 v BelgiumHarald Schumacher
97.3%
Group 1, 1-0 v CzechoslovakiaHansi Müller
88.8%
Group 1, 3-2 v NetherlandsHansi Müller
88.8%
Group 1, 0-0 v GreeceHansi Müller
88.8%
Final, 2-1 v BelgiumHansi Müller
88.8%
Group 1, 3-2 v NetherlandsHorst Hrubesch
88.3%
Group 1, 0-0 v GreeceHorst Hrubesch
88.3%
Final, 2-1 v BelgiumHorst Hrubesch
88.3%
Group 1, 1-0 v CzechoslovakiaKarlheinz Förster
86.2%
Group 1, 1-0 v CzechoslovakiaBernd Förster
86.2%
Group 1, 3-2 v NetherlandsKarlheinz Förster
86.2%
Group 1, 0-0 v GreeceKarlheinz Förster
86.2%
Group 1, 0-0 v GreeceBernd Förster
86.2%
Final, 2-1 v BelgiumKarlheinz Förster
86.2%
Group 1, 1-0 v CzechoslovakiaUli Stielike
84.6%
Group 1, 3-2 v NetherlandsUli Stielike
84.6%
Group 1, 0-0 v GreeceUli Stielike
84.6%
Final, 2-1 v BelgiumUli Stielike
84.6%
Match Player % Correct
Group 1, 1-0 v CzechoslovakiaKlaus Allofs
84%
Group 1, 3-2 v NetherlandsKlaus Allofs
84%
Final, 2-1 v BelgiumKlaus Allofs
84%
Group 1, 3-2 v NetherlandsBernd Schuster
83.5%
Final, 2-1 v BelgiumBernd Schuster
83.5%
Group 1, 1-0 v CzechoslovakiaManfred Kaltz
81.4%
Group 1, 3-2 v NetherlandsManfred Kaltz
81.4%
Group 1, 3-2 v NetherlandsLothar Matthäus
81.4%
Group 1, 0-0 v GreeceManfred Kaltz
81.4%
Final, 2-1 v BelgiumManfred Kaltz
81.4%
Group 1, 1-0 v CzechoslovakiaFelix Magath
80.9%
Group 1, 3-2 v NetherlandsFelix Magath
80.9%
Group 1, 1-0 v CzechoslovakiaHans-Peter Briegel
77.1%
Group 1, 3-2 v NetherlandsHans-Peter Briegel
77.1%
Group 1, 0-0 v GreeceHans-Peter Briegel
77.1%
Final, 2-1 v BelgiumHans-Peter Briegel
77.1%
Group 1, 1-0 v CzechoslovakiaBernard Dietz
73.4%
Group 1, 3-2 v NetherlandsBernard Dietz
73.4%
Final, 2-1 v BelgiumBernard Dietz
73.4%
Group 1, 1-0 v CzechoslovakiaBernhard Cullmann
59%
Group 1, 0-0 v GreeceBernhard Cullmann
59%
Final, 2-1 v BelgiumBernhard Cullmann
59%
Group 1, 0-0 v GreeceKarl Del'Haye
41.5%
Group 1, 0-0 v GreeceMiroslav Votava
31.4%
Group 1, 0-0 v GreeceCaspar Memering
29.3%

You're not logged in!

Compare scores with friends on all Sporcle quizzes.
OR
Log In

Sporcle TV

Today on Sporcle TV


Watch our educational content, quiz creation guides, and fun videos on Sporcle TV.

Show Comments

Extras

Top Quizzes Today


Score Distribution

Your Account Isn't Verified!

In order to create a playlist on Sporcle, you need to verify the email address you used during registration. Go to your Sporcle Settings to finish the process.

Report this User

Report this user for behavior that violates our Community Guidelines.

Details: